000
00245nam a2200097Ia 4500
008
120527s9999 xx 000 0 und d
100
_a
OKEKE, C.E
245
_a
Electronimagnetism and modern physics for life science
260
_b
NUC
942
_c
BK
999
_c
25313
_d
25313